Регионална библиотека "Любен Каравелов" - Русе

Статии (Запис номер 128464)

MARC детайли
000 -Лидер
Контролно поле с фиксирана дължина 01909nam a2200409 a 4500
003 - Код на организацията, давaща контролен номер
Контролно поле BLK
005 - Дата и час на последна редакция
Контролно поле 20240321124852.0
008 - Елементи от данни с фиксирана дължина
fixed length control field 180409b bul|||||r ||||||| ||bul||
010 ## - Наследен системен номер
LC control number KNG00134186000
040 ## - Източник на каталожния запис
Идентификатор на билиотеката - собственик на записа BLK
041 ## - Код за език
Код за езика на текст/звукозапис или на отделно заглавие Български
Код за езика КДБФ Български
080 ## - УДК
Текстов определител УДК Българска литература(изследвания)
УДК код - определител по УДК 821.163.2.09
УДК - код + определител 821.163.2.09
100 ## - Редна дума - Автор
Автор Благоев, Димитър
Автор - информация (биография) Дядото
Дати, свързани с автора 1856 - 1924
Пълна форма на името Николов, Димитър Благоев
R(LIN) 377352
139 ## - Редно поле
Редна дума Благоев, Димитър
Авторски знак Бл - Б 47
245 10 - Сведения за заглавието
Заглавие Статии
Редно поле (дума) Димитър Благоев ; предг. от Стоян Каролев.
250 ## - Област на изданието
Сведения за изданието 9. изд.
257 ## - Страна на издаване
Страна на създаване/издаване България
260 ## - Област на издателските данни
Място на издаване, разпространение и проч. София
Име на издателя, разпространителя и проч. Бълг. писател
Година на издаване 1976
300 ## - Физическа характеристика
Страници 184 с.
Размери/Мащаб 20 см
380 ## - Жанр
Жанр Литературознание
490 ## - СЕРИИ (Колекции)
Име на серия Библиотека за ученика
9 (RLIN) 201322
500 ## - Общи забележки
Забележка Пълното име на авт. е Димитър Благоев Николов. - 1. изд. 1966. - 25 100 тир. - Съдържа статии по лит. теория и естетика и лит.-крит. очерци за Хр. Ботев, Т. Г. Влайков, А. Константинов, А. Страшимиров, Д. Т. Страшимиров, Г. Кирков.
650 #4 - Допълнително описание по предмет – тема
Основно описание – тема или топоним Българска литература - критика
9 (RLIN) 241969
651 #4 - Допълнително описание по предмет - топоним
Географско понятие България
9 (RLIN) 241624
653 ## - Ключова дума – ненормативна
Ключова дума българска литература
653 ## - Ключова дума – ненормативна
Ключова дума литературна критика
700 ## - Други автори (авторска отговорност)
Лично име Каролев, Стоян Несторов
9 (RLIN) 363884
700 1# - Други автори (авторска отговорност)
Лично име Николов, Димитър Благоев
Автороска отговорност (Описва отношението между автора и произведението) *
9 (RLIN) 321178
852 ## - Местоположение
Форматна сигнатура Цб 79229
856 4# - Електронен адрес и достъп
Електронен формат pdf - файл
Инструкция (цена за достъп) 0.00
Права за достъп disable
856 4# - Електронен адрес и достъп
Електронен формат pdf - файл
Инструкция (цена за достъп) 0.00
Права за достъп disable
999 ## - СИСТЕМНИ КОНТРОЛНИ НОМЕРА
Koha biblionumber 128464
Koha biblioitemnumber 128464
942 ## - АРТИКУЛИ
Вид на библиотечния материал Книги
Скрит в OPAC Не
Периодичен библиозапис Да
944 ## - СЪЗДАВАНЕ И РЕДАКЦИЯ на ЗАПИСА
Създаване/Редакция Създаване
Дата на регистрацията/редакция 25.09.2012
Статус, дата на статуса Нора Радева
Служител, извършил регистрацията/редакцията 30545
944 ## - СЪЗДАВАНЕ И РЕДАКЦИЯ на ЗАПИСА
Създаване/Редакция Редакция
Дата на регистрацията/редакция 25.09.2012
Статус, дата на статуса 25.09.2012 - от С1,Р / 25.09.2012
999 ## - СИСТЕМНИ КОНТРОЛНИ НОМЕРА
Koha biblioitemnumber 128464
999 ## - СИСТЕМНИ КОНТРОЛНИ НОМЕРА
Koha biblioitemnumber 128464
Наличности
Код за отписване Код за изгубен артикул Източник на класификационната схема Код за повреда Коз за рестрикции Код за отдаване Артикулен № Име на библиотеката - собственик Име на библиотеката, в която се намира в момента Статус (Текущо местоположение) Дата на вписване в системата Местоположение - отдел Цена в лева Инвентарен номер Систематично азбучна сигнатура Баркод Номер на екземпляра Цена в евро Служебна бележка Служебен тип на артикула
  Не е изгубен Universal Decimal Classification Не е повреден само за читалня ползва се в читалня 208765 Регионална библиотека "Любен Каравелов" Русе Регионална библиотека "Любен Каравелов" Русе Хранилище 1976-01-01 Хранилище 0.32 199116 Цб 79229 120000199116 1 0.16 N: стар фонд Дата: 01.01.1976 Книги
Изтеглен Не е изгубен Universal Decimal Classification Не е повреден без рестрикции заемане за дома 208766 Регионална библиотека "Любен Каравелов" Русе Регионална библиотека "Любен Каравелов" Русе Заемна - подръчен фонд 1976-01-01 Заемна - подръчен фонд 0.00 201708 П 82.0/Б 47 201708 2 0.00 N: стар фонд Дата: 01.01.1976 Книги
Изтеглен Не е изгубен Universal Decimal Classification Не е повреден без рестрикции заемане за дома 208767 Регионална библиотека "Любен Каравелов" Русе Регионална библиотека "Любен Каравелов" Русе Заемна - подръчен фонд 1976-01-01 Заемна - подръчен фонд 0.00 201712 П 82.0/Б 47 201712 3 0.00 N: стар фонд Дата: 01.01.1976 Книги
Vip Innovations Ltd, Rousse, Bulgaria 2025